|
|
|
|
| LEADER |
00000 a a2200000 04500 |
| 001 |
23547 |
| 003 |
CRAI/IIS |
| 005 |
20220418090944.0 |
| 008 |
210610n |||||||| |||| 00| 0 spa d |
| 020 |
|
|
|a [sin ISBN]
|
| 040 |
|
|
|a Centro de Recursos para el Aprendizaje y la Investigación
|b Español
|c CRAI/IIS
|
| 090 |
|
|
|a 01.02.01 O68t
|
| 110 |
|
|
|a Organización Regional Interamericana de Trabajadores
|
| 245 |
|
|
|a Tratado social para la Integración Centroamericana. Anteproyecto /
|c Organización Regional Interamericana de Trabajadores
|
| 260 |
|
|
|a s.l.:
|b ORIT
|c s.f.
|
| 300 |
|
|
|a 94 p.
|
| 500 |
|
|
|a Colección Centroamérica
|
| 650 |
0 |
4 |
|0 TESAUROS
|2 OCDE
|9 2642
|a INTEGRACION ECONOMICA
|
| 650 |
0 |
0 |
|2 OCDE
|9 1478
|a DERECHO DEL TRABAJO
|
| 650 |
0 |
0 |
|2 OCDE
|9 38
|a DERECHOS HUMANOS
|
| 650 |
0 |
0 |
|9 71
|a DESARROLLO ECONOMICO Y SOCIAL
|
| 651 |
|
0 |
|9 308
|a CENTROAMERICA
|
| 710 |
|
|
|a ORIT
|a Confederación de Trabajadores de Centroamericanos
|a CTCA
|
| 852 |
1 |
1 |
|a 01.02.01 O68t
|
| 942 |
|
|
|2 ddc
|c LI
|h 01.02.01 O68t
|k 01.02.01
|m O68t
|6 010201_O68T
|
| 999 |
|
|
|c 11922
|d 11922
|